000 00335nam a2200133Ia 4500
008 210210b1984 xxu||||| |||| 00| 0 eng d
082 _a519.5 GUPE
100 _aGUPTA (S P).
245 _aElementary statistical methods.
250 _a
260 _a
_bSultan Chand & Sons
_c1984
690 _aMathematical Statistics
906 _a038329
999 _c88215
_d88215